Equipes da Liga Profesional de Fútbol Argentina 2022 - Statistics

Estatísticas Gerais
  • Esse quiz foi jogado 62 vezes
  • A pontuação média é 20 de 28
Estatísticas das Respostas
Cidade Estádio Equipe % Correto
C.A. Buenos Aires Alberto Jacinto Armando Boca Juniors
100%
C.A. Buenos Aires Mâs Monumental River Plate
100%
Rosario, SF Dr. Lisandro de la Torre Rosario Central
92%
Lanús, BA Nestor Díaz Pérez Lanús
91%
La Plata, BA Ciudad de La Plata Estudiantes
89%
Godoy Cruz, ME Malvinas Argentinas Godoy Cruz
89%
Avellaneda, BA Presidente Perón Racing
87%
Banfield, BA Florencio Sola Banfield
85%
S Mig de Tucumán, TU Monumental José Fierro Atlético de Tucumán
83%
Avellaneda, BA Libertadores de América Independiente
83%
C.A. Buenos Aires Diego Armando Maradona Argentinos Juniors
79%
C.A. Buenos Aires José Amalfitani Vélez Sarsfield
79%
Sarandí, BA Julio Humberto Grondona Arsenal
75%
Rosario, SF Marcelo Bielsa Newell's Old Boys
74%
C.A. Buenos Aires Pedro Bidegain San Lorenzo
74%
Florencio Varela, BA Norberto Tomaghello Defensa y Justicia
72%
C.A. Buenos Aires Tomás Adolfo Ducó Huracán
66%
Santiago del Estero, SdE Unico Madre de Ciudades Central Córdoba
64%
Córdoba, CO Mario Alberto Kempes Talleres
64%
Santa Fe, SF Brig. Gal Estanislao López Colón
62%
La Plata, BA Juan Carmelo Zerillo Gimnasia y Esgrima
58%
Santa Fe, SF 15 de Abril Unión
55%
C.A. Buenos Aires Coliseo de Victoria Tigre
53%
Vicente López, BA Cd. de Vicente López Platense
51%
C.A. Buenos Aires Claudio Chiqui Tapia Barracas Central
47%
Paraná, ER Presb. Bartolomé Grella Patronato
47%
Mar del Plata, BA José María Minella Aldosivi
45%
Junín, BA Eva Perón Sarmiento
42%
Nenhum quiz correspondente encontrado
Distribuição das Pontuações
Porcentagem de Pessoas com Cada Pontuação
Percentil de Números Respondidos
Sua Pontuação Histórica
Você não jogou esse quiz